000 01714nam0a2200373 i 4500
001 RU\NLR\BIBL_A\012215658
005 20241105212425.0
010 _a9785913397102
_93000
021 _aRU
_b2019-102596
_9КН-П-7550
035 _a(RuMoRGB)010216972
035 _a(NLR Aleph) 012215658
090 _a10905263
_c10905263
100 _a20200211d2018 cm y0rusy50 ca
101 1 _arus
_ceng
102 _aRU
_aUS
105 _aa|||z|||000zy
181 0 _ai
_baxxe
182 0 _an
200 1 _aПо ту сторону изгороди
_dOver the Garden Wall
_eартбук
_f[Cartoon network
_gМакХейл П. и др.]
_gкомментарии [и предисловие] Шон Эдгар
_gавтор идеи Патрик МакХэйл
_g[перевод: Анжелика Голикова]
_zeng
203 _aТекст
_bвизуальный
_cнепосредственный
210 _aСанкт-Петербург
_cКомильфо
_cМихаил Богданов
_a[Милуоки]
_cDark hors books
_cМайкл Ричардсон
_d2018
215 _a184 с.
_cил., ц. ил.
_d28
300 _aОписано по с. 1; На тит. л. и обл. только парал. загл.
333 _a6+
510 1 _aOver the Garden Wall
_zeng
605 _a"По ту сторону изгороди"
_lсериал
_92442341
_3RU\NLR\AUTH\6601670659
686 1 _aЩ377.3(7США)6-7 "По ту сторону изгороди"
702 1 _aМакхейл
_bП.
_gПатрик
_4570
712 0 2 _4570
_7ba
_7ca
_a"Cartoon network", телеканал
_cСША
_9697344
_3RU\NLR\AUTH\880518285
942 _cBOOK
980 _aNBR